000 00247nam a22001097a 4500
082 _a030 GRE'H
100 _aJOWETT, B
_977264
245 _aTHE DIALOGUES OF PLATS
250 _a7 VOLUMES
260 _aCHICAGO
_bWILLIAM BENTON
_c1952
942 _cBK
999 _c582563
_d582563